Formula One Race Countries 2026 - Statistics

General Stats
  • This quiz has been taken 46 times
  • The average score is 18 of 21
Answer Stats
Answer % Correct
China
98%
USA
98%
Brazil
95%
Spain
95%
United Kingdom
95%
Australia
93%
Canada
93%
Japan
93%
Bahrain
90%
Mexico
88%
Monaco
88%
Saudi Arabia
88%
Austria
83%
Italy
80%
Qatar
80%
UAE
80%
Singapore
73%
Belgium
68%
Netherlands
68%
Hungary
66%
Azerbaijan
59%
No matching quizzes found
Score Distribution
Percent of People with Each Score
Percentile by Number Answered
Your Score History
You have not taken this quiz